000 00267nam a2200133Ia 4500
100 _aPoorman
942 _cBK
654 _aMechanics
245 _aApplied Mechanics.
260 _bMcGraw Hill
_aAnand
_c2000
082 _a620.1
300 _a388
546 _aENGLISH
999 _c25661
_d25661